| 000 | 01006cab a2200265 4500 | ||
|---|---|---|---|
| 001 | ABS56750 | ||
| 008 | 090401t1997 xxu||||| |||| 00| 0 eng d | ||
| 035 | _a(Sirsi) u77132 | ||
| 041 | _aeng | ||
| 100 | _aBrown, M. | ||
| 245 | _aDesign for working | ||
| 260 | _c1997 | ||
| 350 | _a0 | ||
| 490 |
_aManagement Today _vMarch 1997, 78-84(6) |
||
| 520 | _aConsiders how the traditional office will change over the next few years. The author argues that, despite forecasts of a shift to hot-desking and teleworking, in reality most offices remain paper-based and the workers desk bound. New predictions are less ambitious and include `virtual` offices - a traditional office complemented by equipment such as mobile phones and laptops. | ||
| 650 | _aFUTURE | ||
| 650 | _aHOT DESKING | ||
| 650 | _aOFFICE DESIGN | ||
| 650 | _aTELEWORKING | ||
| 650 | _aVIRTUAL OFFICES | ||
| 650 | _aWORKPLACE MANAGEMENT | ||
| 690 | _aOFFICE SERVICES AND ADMINISTRATION | ||
| 942 | _n0 | ||
| 948 | _c17/03/1997 | ||
| 999 |
_c48483 _d48483 |
||